| 000 | 00514nam a22001577a 4500 | ||
|---|---|---|---|
| 008 | 230329b |||||||| |||| 00| 0 eng d | ||
| 040 |
_aNational Science Library _cNational Science Library |
||
| 080 |
_aD 681.324 _bP6 |
||
| 100 |
_aValade, Janet _95686 |
||
| 245 |
_aPHP & MySQL: _bYour visual blueprint for creating dynamic, database-driven web sites |
||
| 260 |
_aIndiana: _bWiley Publishing Inc., _c2006 |
||
| 300 | _axii, 307p. | ||
| 650 | _aDatabase-driven | ||
| 653 | _aWeb sites | ||
| 942 |
_2udc _cBK |
||
| 999 |
_c16298 _d16298 |
||